| 000 | nam a22 7a 4500 | ||
|---|---|---|---|
| 999 |
_c127880 _d127880 |
||
| 008 | 180411b xxu||||| |||| 00| 0 eng d | ||
| 020 | _a9781431423279 | ||
| 050 |
_aPR9355.5.R3 _bF193 |
||
| 100 |
_aFalkof, Nicky _941353 |
||
| 245 |
_aThe end of whiteness _bsatanism and family murder in late apartheid South Africa _cNicky Falkof |
||
| 260 |
_aSouth Africa _bJacana Media _c2016 |
||
| 300 |
_axii, 242p. ; _c24cm. |
||
| 650 |
_aRace relations _xliterature _941354 |
||
| 650 |
_aSouth Africa _xRace relations _929009 |
||
| 942 |
_2lcc _cMONOGRAPH |
||